| 000 | 00559nam a2200193Ia 4500 | ||
|---|---|---|---|
| 003 | OSt | ||
| 005 | 20241003155704.0 | ||
| 008 | 210210b1984 xxu||||| |||| 00| 0 eng d | ||
| 040 | _cAL | ||
| 041 | _aKannada | ||
| 082 | _aK894.3 SHRC | ||
| 100 |
_aSHRIDEVI (K). _d ಶ್ರೀದೇವಿ (ಕೆ) _9181294 |
||
| 245 |
_aChinna idu premavalla. _bಚಿನ್ನ ಇದು ಪ್ರೇಮವಲ್ಲ. |
||
| 260 |
_aMaisuru _bShri Prashanta Prakashana _c1984 |
||
| 300 | _a152 | ||
| 690 |
_aKannada Fiction _9181295 |
||
| 906 | _aSG02058 | ||
| 942 |
_2ddc _cBK |
||
| 999 |
_c113691 _d113691 |
||